| 000 | 00751nam a2200241 i 4500 | ||
|---|---|---|---|
| 001 | C2-0299423 | ||
| 003 | PPAK | ||
| 005 | 20180728081103.0 | ||
| 008 | 090722s1984 my a|||| ||||| | may d | ||
| 040 |
_aPPAK _beng _cPPAK _erda |
||
| 082 | 0 | 4 |
_a297.272 _223 |
| 090 | 0 | 0 |
_a297.272 _bHAJ _dKSS |
| 100 | 0 |
_aHaji Ab. Latif Ab. Rahman, _eauthor |
|
| 245 | 1 | 0 |
_aAsabiah : _bBukan kebangsaan |
| 264 | 1 |
_aKelantan : _bDian Darulnaim Sdn. Bhd. , _c1984 |
|
| 300 |
_a37 pages : _billustrations ; _c21 cm |
||
| 336 |
_2rdacontent _atext |
||
| 337 |
_2rdamedia _aunmediated |
||
| 338 |
_2rdacarrier _avolume |
||
| 500 | _aMengandungi ayat-ayat dari Quran | ||
| 650 | 1 | 0 | _aAbbasids ; National - Religious aspect - Islam ; Islam and politics |
| 942 |
_ddc _cB |
||
| 999 |
_c103367 _d103367 |
||